| 000 | 00462 a2200217 4500 | ||
|---|---|---|---|
| 260 | _aParis | ||
| 100 | _aMICHARD, Pierre | ||
| 260 | _bFlammarion | ||
| 245 | _aComment greffer vos arbres | ||
| 300 | _a118 p. | ||
| 650 | _a<Greffe> | ||
| 260 | _c1952 | ||
| 300 | _bill., photogr. ; 27 cm | ||
| 130 | _lFr. | ||
| 035 | _a3870 | ||
| 440 | _a(La terre) | ||
| 500 | _aGlossaire : p. 119 | ||
| 999 |
_c11524 _d11524 |
||